• 首页
  • 本馆介绍
  • 公告通知
  • 最新文献
  • 馆藏检索
  • 电子资源
  • 读者导购
  • 参考咨询
  • 我的图书馆
  • 登录
  • 详细信息显示
  • 放入我的书架
  • 预约/预借图书
  • 作者相关作品
  • 分类相关作品
  • 丛书相关作品
  • 出版社相关作品

书目信息

  • 表格格式
  • 工作单格式
  • 卡片格式
题名:
图象识别导论
    
 
作者: 程民德 编著
分册:  
出版信息: 上海   上海科学技术出版社  1983
页数: 334页
开本: 21cm
丛书名:
单 册:
中图分类: O235
科图分类:
主题词: 控制论--数学理论 , 信息论--数学理论 , 图象识别
电子资源:
ISBN:
000 00689nam0 2200253 45
001 0183011860
005 20060515163414.56
010    @dCNY1.35
091    @a13119.1075
100    @a19950623d1983 em y0chiy0121 ea
101 0  @achi
102    @aCN@b310000
105    @ay z 000yy
200 10 @a图象识别导论@Atu xiang shi bie dao lun@f程民德等编著@Fcheng min de deng bian zhu
210    @a上海@c上海科学技术出版社@d1983
215    @a334页@d21cm
606 0  @a控制论@x数学理论
606 0  @a信息论@x数学理论
606    @a图象识别
690    @aO235@v3
701  0 @a程民德@Acheng min de@4编著
801  2 @aCN@bNLC@c20060515
801  0 @aCN@b上海图书馆@c20040520
905    @dO235@e4
    
    图象识别导论/程民德等编著.-上海:上海科学技术出版社,1983
    334页;21cm
    
    
    ISBN :CNY1.35
    
●
相关链接 在E读中查询图书 在五车中查询图书 在当当中查询图书 在豆瓣中查询图书


正题名:图象识别导论     索取号:O235/4         预约/预借

序号 登录号 条形码 馆藏地/架位号 状态 备注
1 0097446   001936301   第三借阅区/ [索取号:O235/4] 在馆    
2 0097447   202337569   密集书库/ [索取号:O235/4] 在馆    
3 0216266   001947068   第三借阅区/ [索取号:O235/4] 在馆    
唐山师范学院图书馆 欢迎您!
大连网信软件有限公司© 版权所有